000 02273nam a22002894c 4500
003 AR-BaSMT
008 230327t2021 agd|||frib|| 001 0 spa d
020 _a9789874180759
040 _aBSGB
_bespañol
_cBSGB
_erda
041 0 _aspa
_hespañol
080 _a574
100 1 _aCortizas, Ludmila
_9520
245 1 _aAmbiente y biodiversidad en Argentina:
_bProblemas y desafíos
250 _aPrimera edición
264 _aBuenos Aires ;
_bDel Aula Taller,
_c2021.
300 _a58 páginas, Ilustraciones blanco y negro.
336 _2rdacontent
_atexto
_btxt
337 _2rdamedia
_asin mediación
_bn
338 _2rdacarrier
_avolumen
_bnc
490 _aColección Sociedades y Medioambiente
520 _aSobre los autores | 5 Presentación | 7 I. ¿Desde dónde nos posicionamos? | 9 II. Componentes del ambiente | 13 Los relieves. ¿Qué son y cuáles son sus características? | 14 Climas. Elementos, factores y caracterización | 15 La red de aguas de Argentina | 17 Suelos. Características, distribución y problemas | 17 Ambientes y biodiversidad en Argentina | 21 III. Problemas y conflictos ambientales | 23 Biodiversidad en peligro. Especies amenazadas en Argentina | 23 Pérdida de la capa forestal a partir del avance de monocultivos agresores en el norte argentino | 24 Impactos ambientales producidos por la urbanización de humedales | 26 Erosión y desertificación de los suelos por sobrepastoreo en Río Negro, Patagonia argentina | 28 IV. Los espacios de conservación como estrategias de cuidado y protección de la biodiversidad | 31 Las áreas protegidas. Categorías de conservación y problemas | 31 Áreas protegidas de usos múltiples | 32 ¿De qué se trata la “famosa” Ley de Bosques? | 33 En defensa de la biodiversidad | 35 La función de los zoológicos y los jardines botánicos en la conservación de la biodiversidad | 36 Los jardines botánicos | 39 V. Pérdida de la biodiversidad, efectos en la salud y seguridad alimentaria | 41 Desafíos a tener en cuenta | 41 Apéndice gráfico | 43 Bibliografía consultada | 55
521 _aPúblico general
650 7 _985
_aECOLOGÍA
700 1 _aLampert, Damián
_eAutor
_9521
942 _2ddc
_aBOOK
999 _c692
_d692